| 000 | 00511nam a22001697a 4500 | ||
|---|---|---|---|
| 999 |
_c8508 _d8508 |
||
| 008 | 201128b ||||| |||| 00| 0 eng d | ||
| 040 | _aBMS College of Architecture | ||
| 100 | _aMalakshmi, C Swathi | ||
| 245 | _aWeavers A telier Kanchipuram | ||
| 300 | _aNA | ||
| 500 | _a1BM14AT105 | ||
| 502 | 1 |
_8B,Arch _NBMS College of Architecture, Visvesvaraya Technological University (VTU) _aProject report _d2018 |
|
| 650 | _aNA | ||
| 700 |
_aNeetha S N _eGuide |
||
| 700 |
_aPraveen Alva _eGuide |
||
| 942 |
_2ddc _cTHE |
||